Singapore : Selected Issues.

External trade plays an important role in Singapore's economy, providing an important share of total value added. Singapore's exports have a relatively large import share; however, they also have a high level of complexity. As emphasized in previous studies, value-added in exports plays an...

Descripció completa

Dades bibliogràfiques
Autor corporatiu: International Monetary Fund. Asia and Pacific Dept
Format: Revista
Idioma:English
Publicat: Washington, D.C. : International Monetary Fund, 2015.
Col·lecció:IMF Staff Country Reports; Country Report ; No. 2015/200
Accés en línia:Full text available on IMF
LEADER 02569cas a2200241 a 4500
001 AALejournalIMF015394
008 230101c9999 xx r poo 0 0eng d
020 |c 5.00 USD 
020 |z 9781513501529 
022 |a 1934-7685 
040 |a BD-DhAAL  |c BD-DhAAL 
110 2 |a International Monetary Fund.  |b Asia and Pacific Dept. 
245 1 0 |a Singapore :   |b Selected Issues. 
264 1 |a Washington, D.C. :  |b International Monetary Fund,  |c 2015. 
300 |a 1 online resource (18 pages) 
490 1 |a IMF Staff Country Reports 
500 |a <strong>Off-Campus Access:</strong> No User ID or Password Required 
500 |a <strong>On-Campus Access:</strong> No User ID or Password Required 
506 |a Electronic access restricted to authorized BRAC University faculty, staff and students 
520 3 |a External trade plays an important role in Singapore's economy, providing an important share of total value added. Singapore's exports have a relatively large import share; however, they also have a high level of complexity. As emphasized in previous studies, value-added in exports plays an important role in trade elasticities. The paper finds evidence that this is indeed the case for Singapore's export products. Products that have higher domestic value-added share also tend to have higher export price elasticity. Economic complexity is also related to export price elasticities: higher economic complexity is associated with lower price elasticity of exports. This relationship is stronger within certain product segments such as the machinery, mechanical appliances and computers as well as the pharmaceuticals segments. Trade elasticities are important to understand Singapore's exchange rate based monetary policy transmission. Exchange rate changes can affect profits and trade volumes differently, depending upon the price pass-through to import and export prices and the price elasticity of exports and imports. The import and export price pass-through can in return depend on trade elasticities. The paper also shows that there is important product heterogeneity with respect to trade elasticities; both across different product groups but also within individual product groups. This implies that structural changes in the product composition of trade can lead to sizeable changes in Singapore's trade elasticities. 
538 |a Mode of access: Internet 
830 0 |a IMF Staff Country Reports; Country Report ;  |v No. 2015/200 
856 4 0 |z Full text available on IMF  |u http://elibrary.imf.org/view/journals/002/2015/200/002.2015.issue-200-en.xml  |z IMF e-Library